| 000 | 01345cab a2200193 4500 | ||
|---|---|---|---|
| 001 | ##L135474 | ||
| 008 | 061030n2006 000 0 eng u | ||
| 035 | _a(Sirsi) u135474 | ||
| 041 | 0 | _aeng | |
| 100 | 1 | _aTherivel, Riki | |
| 245 | 0 | 0 | _aTowards appropriate assessment of plans |
| 260 | _c2006 | ||
| 490 | 0 |
_aTown & Country Planning _v75(10) October 2006, 273-277(5) |
|
| 520 | _aDiscusses Appropriate Assessment (AA) of land plans which could have an impact on a special protection area for birds or special area of conservation for habitats. The requirement for AA is established by the habitats directive Arts 6(3) and 6(4) (Directive 94/43/EEC). Explains what AA is and focuses on the screening process and the assessment of alternative solutions. Covers recent AA activity. Advises on how AA can be carried out and provides tips on effective AA. Presents information boxes on Arts 6(3) and 6(4) of the directive, AA regulation and guidance, examples of initial screening, no significant in combination impact, possibly significant impact and simple avoidance measures, and no significant in combination impact and more complete avoidance/mitigation measures. Notes. | ||
| 590 | _aIKA311006 | ||
| 651 | 4 |
_aUnited Kingdom _y |
|
| 690 | _aENVIRONMENTAL AND LAND CONSULTANCY-PLANNING AND DEVELOPMENT-DEVELOPMENT APPRAISAL | ||
| 942 | _n0 | ||
| 999 |
_c77904 _d77904 |
||